[Event "Fagernes International 2022"]
[Site "Fagernes"]
[Date "2022.04.16"]
[Round "8.8"]
[White "Langvik, Ulrikke"]
[Black "Cross, Jamie"]
[Result "0-1"]
[WhiteElo "1579"]
[BlackElo "1735"]
[Annotator "NA RC"]
[PlyCount "86"]
[EventDate "2022.04.10"]
[EventCountry "NOR"]
[SourceTitle "playchess.com"]
[Source "ChessBase"]
[SourceQuality "1"]

1. d4 {[%emt 0:00:03]} g6 {[%emt 0:01:17]} 2. Nf3 {[%emt 0:01:10]} Bg7 {[%emt 0:00:07]} 3. Nc3 {[%emt 0:01:34]} c5 {[%emt 0:00:40]} 4. d5 {[%emt 0:02:15]} d6 {[%emt 0:01:03]} 5. g3 {[%emt 0:07:25]} Nf6 {[%emt 0:05:06]} 6. Bf4 {[%emt 0:05:50]} b5 {[%emt 0:02:05]} 7. Bg2 {[%emt 0:26:54]} b4 {[%emt 0:09:38]} 8. Nb1 {[%emt 0:00:35]} Bb7 {[%emt 0:00:55]} 9. c4 {[%emt 0:01:42]} bxc3 {[%emt 0:05:31]} 10. Nxc3 {[%emt 0:00:33]} O-O {[%emt 0:01:51]} 11. O-O {[%emt 0:00:25]} Nbd7 {[%emt 0:04:41]} 12. e4 {[%emt 0:02:06]} Ng4 {[%emt 0:01:15]} 13. Qd2 {[%emt 0:03:26]} Ba6 {[%emt 0:05:07]} 14. Rfe1 {[%emt 0:00:46]} Rb8 {[%emt 0:01:08]} 15. h3 {[%emt 0:03:11]} Nge5 {[%emt 0:00:14]} 16. Rab1 {[%emt 0:03:31]} Nd3 {[%emt 0:04:24]} 17. Red1 {[%emt 0:02:16]} Qa5 {[%emt 0:28:33]} 18. Bh6 {[%emt 0:15:19]} Rxb2 {[%emt 0:03:59]} 19. Rxb2 {[%emt 0:00:13]} Bxc3 {[%emt 0:00:06]} 20. Qc2 {[%emt 0:04:00]} Nxb2 {[%emt 0:02:41]} 21. Bxf8 {[%emt 0:01:17]} Nxd1 {[%emt 0:00:23]} 22. Bxe7 {[%emt 0:01:04]} Nb2 {[%emt 0:00:54]} 23. Bxd6 {[%emt 0:01:15]} Bd3 {[%emt 0:03:54]} 24. Qb3 {[%emt 0:04:38]} Qb4 {[%emt 0:03:06]} 25. Nh2 {[%emt 0:07:23]} Qxb3 {[%emt 0:01:28]} 26. axb3 {[%emt 0:00:02]} Bc2 {[%emt 0:00:54]} 27. f4 {[%emt 0:00:38]} Bxb3 {[%emt 0:00:24]} 28. Ng4 {[%emt 0:01:10]} Nc4 {[%emt 0:01:59]} 29. Bc7 {[%emt 0:01:15]} Ncb6 {[%emt 0:03:15]} 30. d6 {[%emt 0:03:57]} a5 {[%emt 0:00:23]} 31. e5 {[%emt 0:04:33]} a4 {[%emt 0:00:23]} 32. Be4 {[%emt 0:00:02]} a3 {[%emt 0:01:00]} 33. Bb1 {[%emt 0:00:02]} a2 {[%emt 0:01:49]} 34. Bxa2 {[%emt 0:00:03]} Bxa2 {[%emt 0:00:05]} 35. Kf2 {[%emt 0:02:46]} Be6 {[%emt 0:00:50]} 36. Bxb6 {[%emt 0:02:07]} Bd4+ {[%emt 0:05:07]} 37. Ke1 {[%emt 0:00:26]} Nxb6 {[%emt 0:01:34]} 38. Nf6+ {[%emt 0:00:04]} Kg7 {[%emt 0:00:45]} 39. h4 {[%emt 0:00:03]} h5 {[%emt 0:00:55]} 40. Ke2 {[%emt 0:00:40]} Bf5 {[%emt 0:00:24]} 41. Ne8+ {[%emt 0:00:46]} Kf8 {[%emt 0:00:29]} 42. Nc7 {[%emt 0:00:14]} Bd7 {[%emt 0:01:44]} 43. Na6 {[%emt 0:00:57]} Bb5+ {[%emt 0:00:07]} 0-1

[Event "Fagernes International 2022"]
[Site "Fagernes"]
[Date "2022.04.16"]
[Round "8.9"]
[White "Gasland, Lukas Dominik"]
[Black "Stai, Sondre"]
[Result "0-1"]
[WhiteElo "1478"]
[BlackElo "1685"]
[Annotator "NA RC"]
[PlyCount "66"]
[EventDate "2022.04.10"]
[EventCountry "NOR"]
[SourceTitle "playchess.com"]
[Source "ChessBase"]
[SourceQuality "1"]

1. d4 d5 {[%emt 0:00:36]} 2. Nf3 {[%emt 0:00:08]} Nf6 {[%emt 0:00:09]} 3. g3 {[%emt 0:00:16]} g6 {[%emt 0:01:37]} 4. Bg2 {[%emt 0:00:19]} Bg7 {[%emt 0:00:14]} 5. O-O {[%emt 0:00:22]} O-O {[%emt 0:00:42]} 6. c4 {[%emt 0:02:56]} c6 {[%emt 0:00:26]} 7. Nc3 {[%emt 0:00:41]} a6 {[%emt 0:03:16]} 8. c5 {[%emt 0:03:29]} Bf5 {[%emt 0:03:17]} 9. Qb3 {[%emt 0:03:22]} Ra7 {[%emt 0:00:23]} 10. Bf4 {[%emt 0:04:37]} Nbd7 {[%emt 0:02:56]} 11. Ne5 {[%emt 0:02:01]} Nh5 {[%emt 0:08:50]} 12. Nxd7 {[%emt 0:02:20]} Qxd7 {[%emt 0:01:20]} 13. e3 {[%emt 0:01:52]} h6 {[%emt 0:02:48]} 14. Qd1 {[%emt 0:02:57]} f6 {[%emt 0:23:15]} 15. Na4 {[%emt 0:05:52]} e5 {[%emt 0:05:07]} 16. Nb6 {[%emt 0:08:54]} Qe6 {[%emt 0:03:48]} 17. e4 {[%emt 0:05:40]} dxe4 {[%emt 0:03:00]} 18. dxe5 {[%emt 0:01:42]} Nxf4 {[%emt 0:11:32]} 19. gxf4 {[%emt 0:00:13]} fxe5 {[%emt 0:00:27]} 20. fxe5 {[%emt 0:01:21]} Bxe5 {[%emt 0:01:33]} 21. Qd2 {[%emt 0:01:48]} Bh3 {[%emt 0:08:26]} 22. f4 {[%emt 0:28:26]} exf3 {[%emt 0:00:31]} 23. Rxf3 {[%emt 0:00:47]} Rxf3 {[%emt 0:03:11]} 24. Bxf3 {[%emt 0:00:15]} Qf6 {[%emt 0:02:18]} 25. Qd3 {[%emt 0:10:27]} Bd4+ {[%emt 0:07:02]} 26. Kh1 {[%emt 0:00:09]} Bxc5 {[%emt 0:00:15]} 27. Nd7 {[%emt 0:00:31]} Bxd7 {[%emt 0:00:12]} 28. Rf1 {[%emt 0:01:00]} Be6 {[%emt 0:07:26]} 29. Be4 {[%emt 0:02:19]} Qg5 {[%emt 0:00:58]} 30. Bxg6 {[%emt 0:03:08]} b6 {[%emt 0:03:17]} 31. Be4 {[%emt 0:00:59]} Rg7 {[%emt 0:04:28]} 32. Qd1 {[%emt 0:01:20]} Bd5 {[%emt 0:00:12]} 33. Bxd5+ {[%emt 0:00:28]} Qxd5+ {[%emt 0:00:26]} 0-1

[Event "Fagernes International 2022"]
[Site "Fagernes"]
[Date "2022.04.16"]
[Round "8.10"]
[White "Paulien, Pascal"]
[Black "Helgoy, Hakon"]
[Result "1-0"]
[WhiteElo "1815"]
[BlackElo "1732"]
[Annotator "NA RC"]
[PlyCount "107"]
[EventDate "2022.04.10"]
[EventCountry "NOR"]
[SourceTitle "playchess.com"]
[Source "ChessBase"]
[SourceQuality "1"]

1. d4 {[%emt 0:00:07]} Nf6 {[%emt 0:00:06]} 2. Bf4 {[%emt 0:00:12]} c5 {[%emt 0:00:26]} 3. e3 {[%emt 0:00:23]} cxd4 {[%emt 0:01:03]} 4. exd4 {[%emt 0:00:18]} b6 {[%emt 0:03:21]} 5. Nf3 {[%emt 0:01:50]} Bb7 {[%emt 0:01:02]} 6. Bd3 {[%emt 0:01:19]} d6 {[%emt 0:01:55]} 7. h3 {[%emt 0:01:19]} Nbd7 {[%emt 0:01:14]} 8. O-O {[%emt 0:02:33]} e6 {[%emt 0:00:11]} 9. Nbd2 {[%emt 0:01:20]} Be7 {[%emt 0:00:20]} 10. Re1 {[%emt 0:03:46]} O-O {[%emt 0:00:29]} 11. c3 {[%emt 0:03:39]} Re8 {[%emt 0:00:34]} 12. a4 {[%emt 0:05:33]} a6 {[%emt 0:00:11]} 13. Qb3 {[%emt 0:01:59]} Nf8 {[%emt 0:09:54]} 14. Bh2 {[%emt 0:08:53]} Bc6 {[%emt 0:06:18]} 15. Ne4 {[%emt 0:07:48]} Nxe4 {[%emt 0:01:56]} 16. Bxe4 {[%emt 0:00:09]} Bxe4 {[%emt 0:00:40]} 17. Rxe4 {[%emt 0:00:08]} Nd7 {[%emt 0:02:35]} 18. Re2 {[%emt 0:03:28]} Rb8 {[%emt 0:01:11]} 19. Nd2 {[%emt 0:10:29]} Rb7 {[%emt 0:02:30]} 20. Nc4 {[%emt 0:06:56]} Qb8 {[%emt 0:05:29]} 21. f4 {[%emt 0:11:23]} Bf8 {[%emt 0:13:32]} 22. Rae1 {[%emt 0:02:46]} b5 {[%emt 0:02:26]} 23. axb5 {[%emt 0:02:21]} axb5 {[%emt 0:01:02]} 24. Nd2 {[%emt 0:00:58]} b4 {[%emt 0:04:32]} 25. c4 {[%emt 0:00:07]} Qa7 {[%emt 0:01:35]} 26. Kh1 {[%emt 0:01:36]} Qxd4 {[%emt 0:03:24]} 27. Nf3 {[%emt 0:03:01]} Qf6 {[%emt 0:08:34]} 28. Qa4 {[%emt 0:03:10]} Rc8 {[%emt 0:02:12]} 29. Ng5 {[%emt 0:03:36]} Nc5 {[%emt 0:03:45]} 30. Qc2 {[%emt 0:00:11]} g6 {[%emt 0:01:29]} 31. h4 {[%emt 0:02:06]} b3 {[%emt 0:02:30]} 32. Qb1 {[%emt 0:00:31]} h6 {[%emt 0:05:01]} 33. Ne4 {[%emt 0:00:09]} Qf5 {[%emt 0:04:28]} 34. g4 {[%emt 0:00:30]} Qxe4+ {[%emt 0:02:14]} 35. Rxe4 {[%emt 0:00:15]} Nxe4 {[%emt 0:00:51]} 36. Qxe4 {[%emt 0:00:13]} Rb4 {[%emt 0:00:35]} 37. Qd3 {[%emt 0:04:20]} Rcxc4 {[%emt 0:00:53]} 38. Re2 {[%emt 0:00:11]} Bg7 {[%emt 0:03:09]} 39. Bg3 {[%emt 0:02:54]} Rd4 {[%emt 0:00:37]} 40. Qe3 {[%emt 0:04:34]} Re4 {[%emt 0:02:46]} 41. Qf3 {[%emt 0:09:05]} Rec4 {[%emt 0:00:16]} 42. Be1 {[%emt 0:01:35]} Rb8 {[%emt 0:06:12]} 43. Qd3 {[%emt 0:09:03]} d5 {[%emt 0:11:24]} 44. Qd1 {[%emt 0:12:42]} Rbc8 {[%emt 0:06:24]} 45. Qxb3 {[%emt 0:02:19]} Rxf4 {[%emt 0:00:09]} 46. Qg3 {[%emt 0:00:50]} Rfc4 {[%emt 0:05:10]} 47. b4 {[%emt 0:03:31]} h5 {[%emt 0:02:53]} 48. gxh5 {[%emt 0:01:14]} gxh5 {[%emt 0:00:36]} 49. Qg5 {[%emt 0:00:17]} Rg4 {[%emt 0:00:51]} 50. Qxh5 {[%emt 0:00:37]} Rcc4 {[%emt 0:01:28]} 51. Rg2 {[%emt 0:00:17]} Rge4 {[%emt 0:02:56]} 52. Qg5 {[%emt 0:02:15]} Rxe1+ {[%emt 0:00:26]} 53. Kh2 {[%emt 0:00:05]} Kf8 {[%emt 0:00:53]} 54. Qd8# {[%emt 0:00:05]} 1-0

[Event "Fagernes International 2022"]
[Site "Fagernes"]
[Date "2022.04.16"]
[Round "8.12"]
[White "Hina, Ariza"]
[Black "Tiupenko, Mihail"]
[Result "0-1"]
[WhiteElo "1547"]
[BlackElo "1621"]
[Annotator "NA RC"]
[PlyCount "66"]
[EventDate "2022.04.10"]
[EventCountry "NOR"]
[SourceTitle "playchess.com"]
[Source "ChessBase"]
[SourceQuality "1"]

1. e4 c5 2. Nc3 Nc6 3. f4 g6 4. Nf3 Bg7 5. Bb5 Nd4 6. Bc4 d6 7. O-O e6 8. Nb5 Nxf3+ 9. Qxf3 a6 10. Nc3 Ne7 11. a4 O-O 12. d3 Nc6 13. Bb3 Nd4 14. Qg3 Bd7 15. Kh1 Bc6 16. Be3 Nxb3 17. cxb3 b6 18. Bg1 Bd7 19. Ra2 b5 20. e5 Qc7 21. exd6 Qxd6 22. Ne4 Qd5 23. Nxc5 bxa4 {[%emt 3:52:15]} 24. Nxd7 Qxd7 {[%emt 0:02:03]} 25. Rxa4 Bxb2 26. Bc5 Rfb8 27. d4 Qd5 28. Rf3 Rb5 29. Rd3 Rd8 30. b4 Qc4 31. h3 Rxc5 32. Rb3 Bxd4 33. Rxa6 Qf1+ 0-1

[Event "Fagernes International 2022"]
[Site "Fagernes"]
[Date "2022.04.16"]
[Round "8.13"]
[White "Andersen, Edvard"]
[Black "Donchenko, Irina"]
[Result "1/2-1/2"]
[WhiteElo "1534"]
[BlackElo "2057"]
[Annotator "RC"]
[PlyCount "148"]
[EventDate "2022.04.10"]
[EventCountry "NOR"]
[SourceTitle "playchess.com"]
[Source "ChessBase"]
[SourceQuality "1"]

1. e4 {[%emt 0:00:03]} c5 {[%emt 0:00:11]} 2. Nf3 {[%emt 0:00:05]} d6 {[%emt 0:00:07]} 3. d4 {[%emt 0:00:07]} cxd4 {[%emt 0:00:05]} 4. Nxd4 {[%emt 0:00:05]} Nf6 {[%emt 0:00:06]} 5. Nc3 {[%emt 0:00:10]} a6 {[%emt 0:00:08]} 6. Be3 {[%emt 0:01:01]} e6 {[%emt 0:00:43]} 7. Be2 {[%emt 0:01:27]} Nbd7 {[%emt 0:03:52]} 8. O-O {[%emt 0:01:14]} b5 {[%emt 0:01:21]} 9. f3 {[%emt 0:02:41]} Bb7 {[%emt 0:00:28]} 10. Qd2 {[%emt 0:02:10]} Be7 {[%emt 0:00:56]} 11. a4 {[%emt 0:02:19]} b4 {[%emt 0:01:34]} 12. Na2 {[%emt 0:00:40]} a5 {[%emt 0:12:05]} 13. Bb5 {[%emt 0:16:21]} Qc7 {[%emt 0:02:32]} 14. c3 {[%emt 0:04:01]} bxc3 {[%emt 0:08:09]} 15. Nxc3 {[%emt 0:01:40]} O-O {[%emt 0:00:32]} 16. Rac1 {[%emt 0:03:25]} Nc5 {[%emt 0:15:58]} 17. Rc2 {[%emt 0:04:28]} Rac8 {[%emt 0:03:50]} 18. Rd1 {[%emt 0:09:34]} Rfd8 {[%emt 0:07:28]} 19. Na2 {[%emt 0:13:40]} Bf8 {[%emt 0:10:33]} 20. b4 {[%emt 0:02:55]} axb4 {[%emt 0:08:52]} 21. Nxb4 {[%emt 0:01:26]} e5 {[%emt 0:07:27]} 22. Ndc6 {[%emt 0:01:56]} Bxc6 {[%emt 0:03:20]} 23. Nxc6 {[%emt 0:00:57]} Rd7 {[%emt 0:01:32]} 24. Nb4 {[%emt 0:13:57]} Rdd8 {[%emt 0:02:08]} 25. Nd5 {[%emt 0:01:17]} Nxd5 {[%emt 0:00:46]} 26. Qxd5 {[%emt 0:03:01]} Qb8 {[%emt 0:01:35]} 27. Rb2 {[%emt 0:06:29]} Qa8 {[%emt 0:04:02]} 28. Qxa8 {[%emt 0:03:33]} Rxa8 {[%emt 0:00:57]} 29. Bxc5 {[%emt 0:01:38]} dxc5 {[%emt 0:00:09]} 30. Rxd8 {[%emt 0:01:23]} Rxd8 {[%emt 0:00:02]} 31. Ra2 {[%emt 0:02:20]} c4 {[%emt 0:04:16]} 32. Bxc4 {[%emt 0:02:12]} Bc5+ {[%emt 0:01:03]} 33. Kf1 {[%emt 0:00:08]} Kf8 {[%emt 0:02:26]} 34. a5 {[%emt 0:00:26]} Ke7 {[%emt 0:03:21]} 35. a6 {[%emt 0:00:16]} Ba7 {[%emt 0:00:44]} 36. Rb2 {[%emt 0:01:05]} Rb8 {[%emt 0:01:05]} 37. Rxb8 {[%emt 0:01:31]} Bxb8 {[%emt 0:00:02]} 38. Ke2 {[%emt 0:00:57]} f6 {[%emt 0:00:36]} 39. Kd3 {[%emt 0:00:10]} Kd6 {[%emt 0:00:20]} 40. Bd5 {[%emt 0:00:20]} Kc5 {[%emt 0:00:12]} 41. h4 {[%emt 0:02:19]} h6 {[%emt 0:00:37]} 42. h5 {[%emt 0:01:56]} Ba7 {[%emt 0:05:31]} 43. Ke2 {[%emt 0:01:07]} Kb5 {[%emt 0:03:05]} 44. Bb7 {[%emt 0:00:58]} Bd4 {[%emt 0:02:37]} 45. Kf1 {[%emt 0:00:11]} Kc4 {[%emt 0:01:32]} 46. g3 {[%emt 0:00:55]} Kd3 {[%emt 0:03:28]} 47. f4 {[%emt 0:00:42]} Ke3 {[%emt 0:01:20]} 48. fxe5 {[%emt 0:00:21]} fxe5 {[%emt 0:00:02]} 49. Kg2 {[%emt 0:00:27]} Bc5 {[%emt 0:01:44]} 50. Bd5 {[%emt 0:00:52]} Ba7 {[%emt 0:00:30]} 51. Kh3 {[%emt 0:01:23]} Kf3 {[%emt 0:00:27]} 52. g4 {[%emt 0:02:08]} Kf4 {[%emt 0:00:24]} 53. Kh4 {[%emt 0:01:38]} Bf2+ {[%emt 0:00:18]} 54. Kh3 {[%emt 0:00:06]} Ba7 {[%emt 0:00:03]} 55. Kg2 {[%emt 0:00:36]} Kxg4 {[%emt 0:00:35]} 56. Bf7 {[%emt 0:00:25]} Kf4 {[%emt 0:01:09]} 57. Bg6 {[%emt 0:00:05]} Bc5 {[%emt 0:01:06]} 58. Kf1 {[%emt 0:00:09]} Kf3 {[%emt 0:00:40]} 59. Ke1 {[%emt 0:00:07]} Ke3 {[%emt 0:00:26]} 60. Kd1 {[%emt 0:00:04]} Kd3 {[%emt 0:00:27]} 61. Kc1 {[%emt 0:00:03]} Bd4 {[%emt 0:02:18]} 62. Kb1 {[%emt 0:00:28]} Kc4 {[%emt 0:01:17]} 63. Bf5 {[%emt 0:00:44]} Kb5 {[%emt 0:01:13]} 64. Bc8 {[%emt 0:00:09]} Kb6 {[%emt 0:00:08]} 65. Kc2 {[%emt 0:00:11]} Kc7 {[%emt 0:00:52]} 66. Bb7 {[%emt 0:00:27]} Kb6 {[%emt 0:02:31]} 67. Kd3 {[%emt 0:01:00]} Bc5 {[%emt 0:01:02]} 68. Kc4 {[%emt 0:00:45]} Be7 {[%emt 0:00:09]} 69. Kd5 {[%emt 0:00:11]} Bf6 {[%emt 0:00:07]} 70. Kd6 {[%emt 0:00:14]} Ka7 {[%emt 0:00:08]} 71. Kc6 {[%emt 0:02:46]} Bg5 {[%emt 0:03:56]} 72. Kd5 {[%emt 0:00:13]} Bf6 {[%emt 0:00:08]} 73. Kc6 {[%emt 0:00:06]} Bg5 {[%emt 0:00:04]} 74. Kd5 {[%emt 0:00:12]} Bf6 {[%emt 0:00:03]} 1/2-1/2

[Event "Fagernes International 2022"]
[Site "Fagernes"]
[Date "2022.04.16"]
[Round "8.14"]
[White "Kittilsen, Sigurd"]
[Black "Lye, Sigurd"]
[Result "1/2-1/2"]
[WhiteElo "1848"]
[BlackElo "1810"]
[Annotator "NA RC"]
[PlyCount "120"]
[EventDate "2022.04.10"]
[EventCountry "NOR"]
[SourceTitle "playchess.com"]
[Source "ChessBase"]
[SourceQuality "1"]

1. e4 {[%emt 0:00:04]} c5 {[%emt 0:00:05]} 2. Nf3 {[%emt 0:00:05]} Nc6 {[%emt 0:00:04]} 3. d4 {[%emt 0:00:08]} cxd4 {[%emt 0:00:10]} 4. Nxd4 {[%emt 0:00:11]} Nf6 {[%emt 0:00:06]} 5. Nc3 {[%emt 0:00:20]} e5 {[%emt 0:00:05]} 6. Ndb5 {[%emt 0:00:14]} d6 {[%emt 0:00:08]} 7. Bg5 {[%emt 0:00:21]} a6 {[%emt 0:00:18]} 8. Na3 {[%emt 0:00:20]} b5 {[%emt 0:00:08]} 9. Bxf6 {[%emt 0:00:22]} gxf6 {[%emt 0:00:07]} 10. Nd5 {[%emt 0:00:21]} Bg7 {[%emt 0:00:06]} 11. Bd3 {[%emt 0:00:37]} Ne7 {[%emt 0:00:08]} 12. Nxe7 {[%emt 0:00:42]} Qxe7 {[%emt 0:00:20]} 13. O-O {[%emt 0:02:29]} O-O {[%emt 0:00:29]} 14. Qf3 {[%emt 0:01:42]} f5 {[%emt 0:04:40]} 15. exf5 {[%emt 0:00:40]} d5 {[%emt 0:23:34]} 16. Qxd5 {[%emt 0:02:29]} Bb7 {[%emt 0:00:17]} 17. Qb3 {[%emt 0:00:12]} e4 {[%emt 0:15:41]} 18. Rfe1 {[%emt 0:01:20]} Bd4 {[%emt 0:15:39]} 19. Bf1 {[%emt 0:32:33]} Qe5 {[%emt 0:13:37]} 20. c3 {[%emt 0:19:29]} Bc5 {[%emt 0:05:42]} 21. Nc4 {[%emt 0:02:17]} bxc4 {[%emt 0:08:36]} 22. Qxb7 {[%emt 0:00:43]} Qxf5 {[%emt 0:01:39]} 23. Re2 {[%emt 0:02:15]} Rfb8 {[%emt 0:10:23]} 24. Qc6 {[%emt 0:03:09]} Re8 {[%emt 0:07:32]} 25. Rd1 {[%emt 0:13:46]} Rad8 $16 {[%emt 0:01:41]} 26. Qa4 {[%emt 0:16:27]} e3 {[%emt 0:01:05]} 27. fxe3 {[%emt 0:03:46]} Rxd1 {[%emt 0:00:48]} 28. Qxe8+ {[%emt 0:01:07]} Kg7 {[%emt 0:00:11]} 29. Rf2 {[%emt 0:00:14]} Qe6 {[%emt 0:01:12]} 30. Qxe6 {[%emt 0:01:43]} fxe6 {[%emt 0:00:05]} 31. Rf3 {[%emt 0:00:25]} Ra1 {[%emt 0:00:55]} 32. b4 {[%emt 0:01:37]} Bb6 {[%emt 0:00:36]} 33. a4 {[%emt 0:00:17]} Rxa4 {[%emt 0:00:10]} 34. Bxc4 {[%emt 0:00:05]} a5 {[%emt 0:00:08]} 35. bxa5 {[%emt 0:00:27]} Bxa5 {[%emt 0:01:01]} 36. Bxe6 {[%emt 0:00:38]} Bxc3 {[%emt 0:00:17]} 37. Rf7+ {[%emt 0:00:41]} Kg6 {[%emt 0:00:29]} 38. Rc7 {[%emt 0:01:25]} Bd2 {[%emt 0:00:24]} 39. Kf2 {[%emt 0:00:35]} Re4 {[%emt 0:00:21]} 40. Bb3 {[%emt 0:02:02]} Bxe3+ {[%emt 0:01:19]} 41. Kf3 {[%emt 0:00:48]} Re5 {[%emt 0:10:42]} 42. Bc2+ {[%emt 0:02:21]} Kf6 {[%emt 0:00:32]} 43. Rxh7 {[%emt 0:01:05]} Bd4 {[%emt 0:01:32]} 44. Be4 {[%emt 0:02:34]} Re7 {[%emt 0:01:16]} 45. Rh6+ {[%emt 0:00:38]} Kf7 {[%emt 0:00:19]} 46. Ra6 {[%emt 0:01:47]} Ra7 {[%emt 0:00:49]} 47. Bd5+ {[%emt 0:01:04]} Kg7 {[%emt 0:00:24]} 48. Rc6 {[%emt 0:00:46]} Rd7 {[%emt 0:01:09]} 49. Ke4 {[%emt 0:00:26]} Bf6 {[%emt 0:00:27]} 50. g3 {[%emt 0:02:16]} Re7+ {[%emt 0:00:07]} 51. Be6 {[%emt 0:01:02]} Ra7 52. h4 {[%emt 0:02:01]} Ra4+ {[%emt 0:00:46]} 53. Bc4 {[%emt 0:00:36]} Ra5 {[%emt 0:00:51]} 54. Rc7+ {[%emt 0:02:07]} Kh6 {[%emt 0:01:17]} 55. Kf3 {[%emt 0:01:19]} Ra3+ {[%emt 0:00:29]} 56. Kg4 {[%emt 0:02:00]} Rxg3+ {[%emt 0:00:23]} 57. Kf4 {[%emt 0:07:52]} Bxh4 {[%emt 0:03:34]} 58. Rc8 {[%emt 0:00:55]} Rg7 {[%emt 0:02:08]} 59. Bd3 {[%emt 0:02:13]} Rf7+ {[%emt 0:02:14]} 60. Kg4 {[%emt 0:00:57]} Bf6 {[%emt 0:00:23]} 1/2-1/2

[Event "Fagernes International 2022"]
[Site "Fagernes"]
[Date "2022.04.16"]
[Round "8.15"]
[White "Wiig, Ole Martin"]
[Black "Ji, Jiabao Eivind"]
[Result "1/2-1/2"]
[WhiteElo "1797"]
[BlackElo "1437"]
[Annotator "NA RC"]
[PlyCount "80"]
[EventDate "2022.04.10"]
[EventCountry "NOR"]
[SourceTitle "playchess.com"]
[Source "ChessBase"]
[SourceQuality "1"]

1. e4 {[%emt 0:00:02]} e6 {[%emt 0:00:34]} 2. d4 {[%emt 0:00:07]} d5 {[%emt 0:00:09]} 3. e5 {[%emt 0:00:06]} c5 {[%emt 0:00:11]} 4. c3 {[%emt 0:00:08]} Nc6 {[%emt 0:00:08]} 5. Nf3 {[%emt 0:00:08]} Bd7 {[%emt 0:00:22]} 6. Bd3 {[%emt 0:00:24]} Rc8 {[%emt 0:00:16]} 7. O-O {[%emt 0:01:28]} cxd4 {[%emt 0:00:37]} 8. cxd4 {[%emt 0:00:15]} Nb4 {[%emt 0:00:10]} 9. Nc3 {[%emt 0:04:09]} Nxd3 {[%emt 0:00:22]} 10. Qxd3 {[%emt 0:00:08]} a6 {[%emt 0:01:09]} 11. Re1 {[%emt 0:05:53]} Ne7 {[%emt 0:00:57]} 12. Bg5 {[%emt 0:11:07]} h6 {[%emt 0:01:06]} 13. Be3 {[%emt 0:00:44]} Nc6 {[%emt 0:03:10]} 14. a3 {[%emt 0:00:27]} Na5 {[%emt 0:00:40]} 15. Nd2 {[%emt 0:04:22]} Be7 {[%emt 0:02:13]} 16. f4 {[%emt 0:01:44]} b5 {[%emt 0:02:47]} 17. f5 {[%emt 0:05:48]} Nc4 {[%emt 0:01:27]} 18. fxe6 {[%emt 0:06:57]} Bxe6 {[%emt 0:00:54]} 19. Nxc4 {[%emt 0:02:05]} bxc4 {[%emt 0:01:05]} 20. Qd1 {[%emt 0:03:52]} Bg5 {[%emt 0:04:18]} 21. Qa4+ {[%emt 0:02:03]} Kf8 {[%emt 0:05:22]} 22. Qxa6 {[%emt 0:02:54]} Bxe3+ {[%emt 0:01:49]} 23. Rxe3 {[%emt 0:00:35]} Qg5 {[%emt 0:01:35]} 24. Rf3 {[%emt 0:01:41]} Kg8 {[%emt 0:02:30]} 25. Raf1 {[%emt 0:03:43]} Qd2 {[%emt 0:01:51]} 26. Rd1 {[%emt 0:12:42]} Qxb2 {[%emt 0:02:04]} 27. Nxd5 {[%emt 0:00:37]} Kh7 {[%emt 0:00:38]} 28. Nc3 {[%emt 0:06:00]} Bg4 {[%emt 0:01:49]} 29. Rxf7 {[%emt 0:08:55]} Bxd1 {[%emt 0:00:50]} 30. Rxg7+ {[%emt 0:00:18]} Kxg7 {[%emt 0:00:12]} 31. Qf6+ {[%emt 0:00:10]} Kg8 {[%emt 0:00:12]} 32. Qg6+ {[%emt 0:04:41]} Kf8 {[%emt 0:00:11]} 33. e6 {[%emt 0:02:15]} Bh5 {[%emt 0:00:51]} 34. Qxh5 {[%emt 0:04:43]} Qc1+ {[%emt 0:01:43]} 35. Nd1 {[%emt 0:01:35]} Qf4 {[%emt 0:00:26]} 36. d5 {[%emt 0:04:32]} Qd4+ {[%emt 0:00:45]} 37. Kf1 {[%emt 0:00:18]} Qd3+ {[%emt 0:02:20]} 38. Kf2 {[%emt 0:00:33]} Qd2+ {[%emt 0:00:39]} 39. Kf1 {[%emt 0:00:24]} Qd3+ {[%emt 0:02:32]} 40. Kf2 {[%emt 0:00:17]} Qd2+ {[%emt 0:01:30]} 1/2-1/2

[Event "Fagernes International 2022"]
[Site "Fagernes"]
[Date "2022.04.16"]
[Round "8.16"]
[White "Johannessen, Theo N"]
[Black "Simonsen, David Mindestrommen"]
[Result "0-1"]
[WhiteElo "1766"]
[BlackElo "1633"]
[Annotator "NA RC"]
[PlyCount "102"]
[EventDate "2022.04.10"]
[EventCountry "NOR"]
[SourceTitle "playchess.com"]
[Source "ChessBase"]
[SourceQuality "1"]

1. d4 {[%emt 0:00:05]} Nf6 {[%emt 0:00:14]} 2. Nf3 {[%emt 0:00:32]} g6 {[%emt 0:00:19]} 3. c4 {[%emt 0:00:50]} Bg7 {[%emt 0:00:29]} 4. g3 {[%emt 0:01:02]} O-O {[%emt 0:01:10]} 5. Bg2 {[%emt 0:02:49]} c6 {[%emt 0:01:05]} 6. O-O {[%emt 0:00:47]} d5 {[%emt 0:00:08]} 7. Nc3 {[%emt 0:02:20]} dxc4 {[%emt 0:00:30]} 8. Ne5 {[%emt 0:02:33]} Ng4 {[%emt 0:00:18]} 9. Nxg4 {[%emt 0:04:53]} Bxg4 {[%emt 0:00:18]} 10. h3 {[%emt 0:00:31]} Be6 {[%emt 0:00:46]} 11. e3 {[%emt 0:01:29]} Qc8 {[%emt 0:01:44]} 12. Kh2 {[%emt 0:00:42]} Rd8 {[%emt 0:00:15]} 13. Qe2 {[%emt 0:01:55]} Nd7 {[%emt 0:07:02]} 14. Rd1 {[%emt 0:05:59]} b5 {[%emt 0:03:44]} 15. Qf3 {[%emt 0:16:06]} b4 {[%emt 0:03:38]} 16. Ne2 {[%emt 0:14:23]} Ne5 {[%emt 0:08:54]} 17. dxe5 {[%emt 0:06:55]} Rxd1 {[%emt 0:01:42]} 18. Nd4 {[%emt 0:00:52]} Rxd4 {[%emt 0:01:05]} 19. exd4 {[%emt 0:00:08]} Bd5 {[%emt 0:00:49]} 20. Qe2 {[%emt 0:01:19]} e6 {[%emt 0:02:15]} 21. Bd2 {[%emt 0:01:53]} Bf8 {[%emt 0:01:21]} 22. f4 {[%emt 0:02:57]} Qd8 {[%emt 0:02:17]} 23. Be3 {[%emt 0:00:31]} Bxg2 {[%emt 0:01:11]} 24. Qxg2 {[%emt 0:00:13]} Qd5 {[%emt 0:00:26]} 25. g4 {[%emt 0:00:58]} Rd8 {[%emt 0:00:46]} 26. Rc1 {[%emt 0:01:45]} c5 {[%emt 0:02:06]} 27. dxc5 {[%emt 0:05:27]} Bxc5 {[%emt 0:01:21]} 28. Qxd5 {[%emt 0:00:50]} Rxd5 {[%emt 0:00:17]} 29. Bxc5 {[%emt 0:00:25]} Rxc5 {[%emt 0:00:29]} 30. Kg3 {[%emt 0:00:47]} a5 {[%emt 0:02:37]} 31. Kf3 {[%emt 0:01:09]} c3 {[%emt 0:00:16]} 32. bxc3 {[%emt 0:05:11]} Rc4 {[%emt 0:03:45]} 33. Ke3 {[%emt 0:00:29]} bxc3 {[%emt 0:00:23]} 34. Kd3 {[%emt 0:01:03]} Rxf4 {[%emt 0:01:17]} 35. Rxc3 {[%emt 0:00:13]} h5 {[%emt 0:01:28]} 36. gxh5 {[%emt 0:01:33]} gxh5 {[%emt 0:00:13]} 37. Kc2 {[%emt 0:00:23]} Re4 {[%emt 0:01:34]} 38. Rc5 {[%emt 0:00:15]} a4 {[%emt 0:00:08]} 39. Kb2 {[%emt 0:03:10]} Kg7 {[%emt 0:00:26]} 40. Ka3 {[%emt 0:00:07]} Kg6 {[%emt 0:00:30]} 41. Ra5 {[%emt 0:00:25]} Kf5 {[%emt 0:02:05]} 42. Ra7 {[%emt 0:00:14]} Kxe5 {[%emt 0:01:21]} 43. Rxf7 {[%emt 0:00:10]} h4 {[%emt 0:00:49]} 44. Rh7 {[%emt 0:01:44]} Re3+ {[%emt 0:02:00]} 45. Kxa4 {[%emt 0:00:08]} Rxh3 {[%emt 0:00:08]} 46. Kb4 {[%emt 0:00:34]} Rh1 {[%emt 0:00:10]} 47. Kc5 {[%emt 0:02:09]} h3 {[%emt 0:00:37]} 48. Rh5+ {[%emt 0:00:07]} Kf6 {[%emt 0:00:53]} 49. Rh6+ {[%emt 0:00:36]} Kf5 {[%emt 0:00:16]} 50. Rh5+ {[%emt 0:03:03]} Kg4 {[%emt 0:02:22]} 51. Rh8 {[%emt 0:00:18]} h2 {[%emt 0:00:25]} 0-1